[Event "Landesliga Nord 1718"]
[Site "Bayern"]
[Date "2018.02.25"]
[Round "7.3"]
[White "Oberhofer, Cedric"]
[Black "Kordts, Wolfgang"]
[Result "0-1"]
[WhiteElo "2172"]
[BlackElo "2117"]
[PlyCount "104"]
[EventDate "2017.10.22"]
[EventType "team-tourn"]
[EventRounds "9"]
[EventCountry "GER"]
[SourceTitle "EXT 2022"]
[Source "ChessBase"]
[SourceDate "2021.10.06"]
[SourceVersion "1"]
[SourceVersionDate "2021.10.06"]
[SourceQuality "1"]
[WhiteTeam "Regensburg Bavaria"]
[BlackTeam "Nuernberg Sued SW"]
[WhiteTeamCountry "GER"]
[BlackTeamCountry "GER"]

1. d4 d5 2. c4 c6 3. Nf3 Nf6 4. g3 Bf5 5. Nc3 e6 6. Nh4 Be4 7. f3 Bg6 8. Bh3 Nbd7 9. Qb3 Qb6 10. c5 Qa6 11. Bf1 b6 12. e4 Qc8 13. cxb6 Nxb6 14. Nxg6 hxg6 15. Be2 Be7 16. Bg5 dxe4 17. fxe4 0-0 18. 0-0-0 c5 19. Be3 cxd4 20. Bxd4 Nxe4 21. Bf3 Nxc3 22. bxc3 Nd5 23. Bxd5 exd5 24. Qxd5 Rd8 25. Qa5 Qc6 26. Be5 f6 27. Bf4 Rac8 28. Rhe1 Rxd1+ 29. Rxd1 Qxc3+ 30. Qxc3 Rxc3+ 31. Kb2 Rc6 32. Be3 a6 33. Kb3 Kf7 34. Re1 Bd6 35. Bd4 Bc7 36. Re2 Bd6 37. Re3 Bc7 38. Re2 Be5 39. Bxe5 Re6 40. Kc4 Rxe5 41. Rb2 g5 42. a3 f5 43. Kd4 Ra5 44. Rb3 Kg6 45. h3 Kh5 46. Ke3 Ra4 47. Kf2 g4 48. Kg2 g5 49. Rc3 Rd4 50. hxg4+ Kxg4 51. Rb3 Rd2+ 52. Kf1 Ra2 0-1

[Event "Landesliga Nord 1617"]
[Site "Bayern"]
[Date "2016.11.20"]
[Round "2.3"]
[White "Kordts, Wolfgang"]
[Black "Weigel, Robert"]
[Result "1/2-1/2"]
[WhiteElo "2137"]
[BlackElo "2043"]
[PlyCount "87"]
[EventDate "2016.10.16"]
[EventType "team-tourn"]
[EventRounds "9"]
[EventCountry "GER"]
[SourceTitle "EXT 2019"]
[Source "ChessBase"]
[SourceDate "2018.10.10"]
[SourceVersion "1"]
[SourceVersionDate "2018.10.10"]
[SourceQuality "1"]
[WhiteTeam "Nuernberg Sued SW"]
[BlackTeam "Forchheim II"]
[WhiteTeamCountry "GER"]
[BlackTeamCountry "GER"]

1. d4 Nf6 2. c4 e6 3. Nf3 b6 4. a3 Bb7 5. Nc3 d5 6. cxd5 exd5 7. g3 Be7 8. Qa4+ c6 9. Bg2 0-0 10. 0-0 Re8 11. Rd1 Bd6 12. Nh4 Nbd7 13. Nf5 Bc7 14. Qc2 g6 15. Nh6+ Kg7 16. e4 Nxe4 17. Nxe4 dxe4 18. Bxe4 Rc8 19. Bf3 Nf6 20. Bg5 Qd6 21. Rac1 Nd5 22. Ng4 Bd8 23. Bh6+ Kg8 24. Qd2 f5 25. Ne3 Nf6 26. Nc4 Qe6 27. Bf4 Bc7 28. Re1 Ne4 29. Qe3 c5 30. dxc5 Bxf4 31. Qxf4 Rxc5 32. Bxe4 Bxe4 33. Nd6 Rxc1 34. Rxc1 Rd8 35. Nxe4 fxe4 36. Kg2 Qd5 37. Qe3 Rd7 38. Rc8+ Kg7 39. Rc2 Qe5 40. Re2 Rd4 41. Qb3 Qc5 42. Qe3 a5 43. h4 Qc4 44. Re1 1/2-1/2

[Event "Landesliga Nord 1314"]
[Site "Bayern"]
[Date "2014.04.06"]
[Round "9.2"]
[White "Loew, Gerald"]
[Black "Kordts, Wolfgang"]
[Result "1/2-1/2"]
[WhiteElo "2220"]
[BlackElo "2212"]
[PlyCount "30"]
[EventDate "2013.10.13"]
[EventType "team"]
[EventRounds "9"]
[EventCountry "GER"]
[SourceTitle "EXT 2015"]
[Source "ChessBase"]
[SourceDate "2014.11.20"]
[SourceVersion "1"]
[SourceVersionDate "2014.11.20"]
[SourceQuality "1"]
[WhiteTeam "Bindlach II"]
[BlackTeam "Nuernberg Sued SW"]
[WhiteTeamCountry "GER"]
[BlackTeamCountry "GER"]

1. c4 e5 2. g3 Nf6 3. Bg2 d5 4. cxd5 Nxd5 5. Nf3 Nc6 6. 0-0 Be7 7. d4 exd4 8. Nxd4 Nxd4 9. Qxd4 Nf6 10. Qa4+ c6 11. Nc3 0-0 12. e4 Be6 13. h3 Qc8 14. Kh2 Rd8 15. Be3 b5 1/2-1/2

[Event "Landesliga Nord 1314"]
[Site "Bayern"]
[Date "2013.12.15"]
[Round "4.1"]
[White "Kordts, Wolfgang"]
[Black "Giessmann, Stephan"]
[Result "0-1"]
[WhiteElo "2212"]
[BlackElo "2259"]
[PlyCount "56"]
[EventDate "2013.10.13"]
[EventType "team"]
[EventRounds "9"]
[EventCountry "GER"]
[SourceTitle "EXT 2015"]
[Source "ChessBase"]
[SourceDate "2014.11.20"]
[SourceVersion "1"]
[SourceVersionDate "2014.11.20"]
[SourceQuality "1"]
[WhiteTeam "Nuernberg Sued SW"]
[BlackTeam "Kelheim"]
[WhiteTeamCountry "GER"]
[BlackTeamCountry "GER"]

1. d4 d5 2. c4 e6 3. Nc3 c5 4. cxd5 exd5 5. Nf3 Nc6 6. g3 Nf6 7. Bg2 Be7 8. 0-0 0-0 9. b3 Re8 10. Bb2 Bg4 11. dxc5 Bxc5 12. Rc1 Rc8 13. a3 a6 14. h3 Be6 15. e3 Ba7 16. Ne2 Ne4 17. Ned4 Nxd4 18. Nxd4 Qd7 19. Nxe6 Qxe6 20. Qd3 Nxf2 21. Rxf2 Qxe3 22. Qxe3 Bxe3 23. Rc3 d4 24. Rxe3 Rxe3 25. Kh2 d3 26. Bd4 Re2 27. Bf3 Rxf2+ 28. Bxf2 d2 0-1

[Event "Landesliga Nord 1314"]
[Site "Bayern"]
[Date "2013.11.24"]
[Round "3.2"]
[White "Kordts, Wolfgang"]
[Black "Wiemer, Peter"]
[Result "0-1"]
[WhiteElo "2212"]
[BlackElo "2193"]
[PlyCount "126"]
[EventDate "2013.10.13"]
[EventType "team"]
[EventRounds "9"]
[EventCountry "GER"]
[SourceTitle "EXT 2015"]
[Source "ChessBase"]
[SourceDate "2014.11.20"]
[SourceVersion "1"]
[SourceVersionDate "2014.11.20"]
[SourceQuality "1"]
[WhiteTeam "Nuernberg Sued SW"]
[BlackTeam "Zirndorf"]
[WhiteTeamCountry "GER"]
[BlackTeamCountry "GER"]

1. d4 Nf6 2. c4 Nc6 3. Nf3 d6 4. Nc3 e5 5. g3 Bg4 6. Bg2 Be7 7. d5 Nb8 8. h3 Bh5 9. Qb3 Bxf3 10. Bxf3 b6 11. Qc2 0-0 12. e4 c5 13. Kf1 Na6 14. a3 Nc7 15. Kg2 a6 16. a4 Qd7 17. Be2 h6 18. Be3 Rfb8 19. f4 Nh7 20. f5 Bf6 21. h4 Qe7 22. Qd2 Kf8 23. Rh2 Qd8 24. Rah1 Be7 25. g4 f6 26. Kf2 Qe8 27. Rg2 Qf7 28. Qd1 Ne8 29. Ke1 Bd8 30. Kd2 Ke7 31. g5 fxg5 32. hxg5 Nxg5 33. Bxg5+ hxg5 34. Rxg5 Kd7 35. Rg6 Bf6 36. Rh7 Nc7 37. Qh1 Rg8 38. Qh5 Raf8 39. Nd1 Ne8 40. Ne3 Be7 41. Qh1 Nf6 42. Rh3 Qe8 43. Qg2 Rf7 44. b3 Qd8 45. Kc2 a5 46. Nd1 Qf8 47. Qh1 Kc7 48. Nf2 Qd8 49. Qg2 Qf8 50. Rhg3 Bd8 51. Kd3 Be7 52. Nh3 Ne8 53. Bh5 Nf6 54. Ng5 Nxh5 55. Ne6+ Kc8 56. f6 Nf4+ 57. Nxf4 exf4 58. fxe7 Qxe7 59. Rf3 Qe5 60. Qg4+ Kc7 61. Re6 Qd4+ 62. Kc2 Rh8 63. Rh3 Qf2+ 0-1

[Event "Nuremberg LGA Cup 9th"]
[Site "Nuremberg"]
[Date "2012.09.07"]
[Round "2"]
[White "Eisenbeiser, Amadeus"]
[Black "Kordts, Wolfgang"]
[Result "0-1"]
[WhiteElo "2378"]
[BlackElo "2207"]
[PlyCount "80"]
[EventDate "2012.09.06"]
[EventType "swiss"]
[EventRounds "7"]
[EventCountry "GER"]
[SourceTitle "CBM 150 Extra"]
[Source "ChessBase"]
[SourceDate "2012.10.19"]
[SourceVersion "1"]
[SourceVersionDate "2012.10.19"]
[SourceQuality "1"]

1. e4 c5 2. Nf3 d6 3. c4 Bg4 4. d4 cxd4 5. Qxd4 Bxf3 6. gxf3 Nc6 7. Qe3 g6 8. Be2 Bg7 9. 0-0 Nd4 10. Bd3 Qd7 11. Nc3 Qh3 12. Be2 Nc2 13. Qd3 Nxa1 14. Be3 Nf6 15. Rxa1 0-0 16. Rd1 Bh6 17. Bf1 Qh4 18. Qd2 Bxe3 19. fxe3 Rac8 20. b3 Rc5 21. Nd5 Nxd5 22. exd5 Rfc8 23. Bd3 b5 24. e4 bxc4 25. Bxc4 a5 26. a4 Qf6 27. Qd3 Kg7 28. Rd2 h5 29. Rc2 h4 30. Kh1 h3 31. Rd2 Rh8 32. Qd4 Rh4 33. Kg1 Qxd4+ 34. Rxd4 f5 35. Kf2 fxe4 36. Kg3 g5 37. Rxe4 Rxe4 38. fxe4 Rc8 39. Kg4 Kf6 40. Kxh3 Rh8+ 0-1